Matematika 1 /

Hlavní autor: Pražák, Pavel
Korporativní autor: Univerzita Hradec Králové. Katedra informatiky a kvantitativních metod
Jazyk: Čeština
Vydáno: Hradec Králové : Gaudeamus, 2012
Vydání: Vyd. 1.
Témata:
Fyzický popis: 319 s. : il. ; 30 cm
Knihy
Uloženo v:
LEADER 01529nam a2200409 a 4500
001 nkc20122414466
003 CZ PrNK
005 20130104145315.0
007 ta
008 121120s2012 xr a e p 000 0 cze
015 |a cnb002414466 
020 |a 978-80-7435-227-0  |q (brož.) 
035 |a (OCoLC)820695238 
040 |a ABA001  |b cze 
072 7 |a 51  |x Matematika  |2 Konspekt  |9 13 
072 7 |a 37.016  |x Učební osnovy. Vyučovací předměty. Učebnice  |2 Konspekt  |9 22 
080 |a 51  |2 MRF 
080 |a (075.8)  |2 MRF 
100 1 |a Pražák, Pavel  |7 mzk2004238206  |4 aut 
245 1 0 |a Matematika 1 /  |c Pavel Pražák 
250 |a Vyd. 1. 
260 |a Hradec Králové :  |b Gaudeamus,  |c 2012 
300 |a 319 s. :  |b il. ;  |c 30 cm 
500 |a Nad názvem: Univerzita Hradec Králové, Fakulta informatiky a managementu, katedra informatiky a kvantitativních metod 
500 |a 500 výt. 
504 |a Obsahuje bibliografii 
521 8 |a Určeno pro posluchače 1. roč. Fakulty informatiky a managementu Univerzity Hradec Králové 
650 0 7 |a matematika  |7 ph117231  |2 czenas 
650 0 9 |a mathematics  |2 eczenas 
655 7 |a učebnice vysokých škol  |7 fd133772  |2 czenas 
655 9 |a textbooks (higher)  |2 eczenas 
710 2 |a Univerzita Hradec Králové.  |b Katedra informatiky a kvantitativních metod  |7 kn20030613006 
910 2 |a BOA001  |b 4-1295.587 
990 |a BK 
995 |a 01 
991 |b 201301  |c NOV  |e n 
996 6 |b 2610532977  |c 4-1295.587  |l MZK  |r Sklad / do 1 hodiny  |n 1  |p p.v.  |w 001303364  |u 000010  |a 1  |e BOA001  |j MZK50  |s P